|
|
|
|
| LEADER |
00000naa2a2200000 4500 |
| 001 |
105212 |
| 005 |
20231031114335.0 |
| 035 |
|
|
|a (RuTPU)RU\TPU\book\113498
|
| 090 |
|
|
|a 105212
|
| 100 |
|
|
|a 20061114d2003 k y0rusy50 ca
|
| 101 |
0 |
|
|a rus
|
| 102 |
|
|
|a RU
|
| 200 |
1 |
|
|a Каталитическая очистка газовых выбросов от оксидов азота
|f Л. И. Фещенко, Е. В. Кузьмина, О. А. Немцова
|
| 463 |
|
0 |
|0 (RuTPU)RU\TPU\book\60471
|t Технология органических веществ и высокомолекулярных соединений
|o Материалы региональной научно-практической конференции, Томск , 8-10 октября 2003 г.
|f Администрация Томской области; Томский политехнический университет. Кафедра технологии основного органического синтеза
|v С. 209-210
|d 2003
|p 227 с.
|
| 610 |
1 |
|
|a выбросы
|
| 610 |
1 |
|
|a газовые выбросы
|
| 610 |
1 |
|
|a оксиды азота
|
| 610 |
1 |
|
|a очистка
|
| 610 |
1 |
|
|a каталитическая очистка
|
| 610 |
1 |
|
|a отходящие газы
|
| 610 |
1 |
|
|a вредные выбросы
|
| 610 |
1 |
|
|a труды учёных ТПУ
|
| 700 |
|
1 |
|a Фещенко
|b Л. И.
|
| 701 |
|
1 |
|a Кузьмина
|b Е. В.
|
| 701 |
|
1 |
|a Немцова
|b О. А.
|
| 801 |
|
1 |
|a RU
|b 63413507
|c 20061114
|g PSBO
|
| 801 |
|
2 |
|a RU
|b 63413507
|c 20130830
|g PSBO
|
| 942 |
|
|
|c BK
|